| 000 | 00836nam a22002295i 4500 | ||
|---|---|---|---|
| 001 | 152679 | ||
| 003 | ES-MaACL | ||
| 005 | 20250929063218.0 | ||
| 008 | 051018s1877 fr | |||||||| ||fre d | ||
| 040 |
_aCAM _bspa _cCAM |
||
| 100 | 1 |
_aBreda, Félix, _cComte de _9126155 |
|
| 245 | 1 | 0 |
_aConsidérations sur le mariage au point de vue des lois / _cpar le Comte de Breda. |
| 260 |
_aParis : _bVictor Palmé ; _aBruxelles : _bG. Lebrocquy ; _aLyon : _bH. Pélagaud, _c1877 ( _fImprimerie de E. Martinet) |
||
| 300 |
_aXXXI, 496 p. ; _c19 cm. |
||
| 650 | 7 |
_aMatrimonio _2embne _914855 |
|
| 700 | 1 |
_aPalmé, Victor, _eed. _9130805 |
|
| 700 | 1 |
_aLebrocquy, G., _eed. _9128809 |
|
| 700 | 1 |
_aPélagaud, H., _eed. _9131449 |
|
| 752 |
_aBélgica - _dBruselas |
||
| 852 |
_aES-MaACL _jC-670 _z-- Enc. hol. |
||
| 999 |
_c152679 _d152679 |
||